| 000 | 00412nam a2200157Ia 4500 | ||
|---|---|---|---|
| 005 | 20250117094730.0 | ||
| 008 | 231217s9999 xx 000 0 und d | ||
| 020 | _a9788131408575 | ||
| 082 | _a658.3 SAN;1 R | ||
| 100 | _aSanjeev Kumar Singh ed. | ||
| 245 | 0 | _aGlobal HR : practices and challenges | |
| 260 |
_c2007 _bIcfai _aHyderabad |
||
| 300 | _axi, 215 | ||
| 650 | _aGlobal,HR,practices | ||
| 942 | _cAA | ||
| 999 |
_c187302 _d187302 |
||